| Tag |
First Indicator |
Second Indicator |
Subfields |
| LEADER |
00000cam a2200000 i 4500 |
| 001 |
in00000061068 |
| 005 |
20151008051056.0 |
| 008 |
800119s1958 gw a 00010 ger d |
| 035 |
|
|
|a (OCoLC)05887586
|
| 035 |
|
|
|9 AAG5540AM
|
| 040 |
|
|
|a CLS
|c CLS
|d TXA
|d UtOrBLW
|
| 049 |
|
|
|a TXAM
|c [310672]
|
| 090 |
|
|
|a QA451
|b .P52
|
| 092 |
|
|
|a 164
|b P596e
|
| 100 |
1 |
|
|a Pickert, Gunther.
|
| 245 |
1 |
0 |
|a Ebene Inzidenzgeometrie /
|c Gunther Pickert.
|
| 264 |
|
1 |
|a Frankfurt a.M. :
|b Salle,
|c 1958.
|
| 300 |
|
|
|a 92 pages :
|b illustrations
|
| 336 |
|
|
|a text
|b txt
|2 rdacontent
|
| 337 |
|
|
|a unmediated
|b n
|2 rdamedia
|
| 338 |
|
|
|a volume
|b nc
|2 rdacarrier
|
| 490 |
0 |
|
|a Schriftenreihe zur Mathematik, 8
|
| 650 |
|
0 |
|a Logic, Symbolic and mathematical.
|
| 650 |
|
0 |
|a Geometry, Analytic
|x Plane.
|
| 999 |
|
|
|a MARS
|
| 999 |
f |
f |
|s e7849a97-591d-3424-becc-afe49de3c5fb
|i 9335bb87-96f2-3851-aae4-e3181a19c75c
|t 0
|
| 952 |
f |
f |
|p ric
|a Texas A&M University
|b Rellis Campus
|c Joint Library Facility
|d Remote Storage
|t 0
|e QA451 .P52
|h Library of Congress classification
|i unmediated -- volume
|m A14800530939
|
| 998 |
f |
f |
|a QA451 .P52
|t 0
|l Remote Storage
|